000 00980nam a22002411 4500
001 68373
003 ES-MaACL
005 20250808084931.0
007 t|
008 900725r19741852sp ||||0| spa d
020 _a84-600-5937-5
080 _a347(46)"1888"(094.52)
080 _a340.5:347(094.56)
100 1 _aGarcia Goyena, Florencio.
_9206357
245 1 0 _aConcordancias, motivos y comentarios del Código civil español /
_cpor... D. Florencio García Goyena.
260 _aZaragoza :
_b[Cátedra de Derecho Civil de la Universidad],
_c1974.
300 _a1 t. en 2 v. (XVI, 514 p. ; 515-1085 p.) ;
_c24 cm.
534 _pReimp. de la ed. de:
_cMadrid, 1852, con una nota preliminar del Prof. Lacruz Berdejo y una tabla de concordancias con el Código civil vigente.
650 4 _aDerecho civil-
_zEspaña
_911659
700 1 _aLacruz Berdejo, José Luis.
_969414
852 _aES-MaACL
_jC-55056-57
_z- Paginación defectuosa
999 _c68373
_d68373